000 01981cam a2200289 4500
001 ABS66835
008 030610n2003 000 0 eng u
035 _a(Sirsi) u122564
100 _aShaw, D.
245 _aInvestigating the application of the European Spatial Development Perspective (ESDP) to regional planning in the United Kingdom
260 _c2003
490 _aTown Planning Review
_v74(1) January 2003, 31-50(20)
520 _aThis paper considers how the emerging European spatial development policy agenda is influencing the performance of regional strategic planning in the United Kingdom. The European Spatial Development Perspective (ESDP) was agreed in 1999 as a non-binding and indicative framework intended to guide institutions in the exercise of their spatially significant competences. This paper explores the way in which and the extent to which the spatial planning policy messages and approach of the ESDP have been integrated into the planning process in England and how they have helped to inform the development of substantive objectives of regional planning policy. The research revealed considerable variation in the way that different regions had considered the European agenda and the ESDP as important contexts which can be used to inform strategy and policy development. Overall, the findings suggested that the European context and the ESDP are beginning to be accepted as important frames of reference in the production of regional planning guidance. Diagrams, table and references. [Taken from journal headnote].
590 _aABS
650 _aREGIONAL PLANNING POLICY
650 _aREGIONAL PLANNING GUIDANCE NOTES
650 _aEUROPEAN SPATIAL DEVELOPMENT PERSPECTIVE
650 _aEUROPE
650 _aPPG11
650 _aENGLISH REGIONS
650 _aUNITED KINGDOM
650 _aSPATIAL PLANNING
650 _aSTRATEGIC PLANNING
690 _aPlanning and development
_96259
700 _aSykes, O.
942 _n0
999 _c72842
_d72842